ARRUPE JESUIT UNIVERSITY

CORONAVIRUS -STOP THE SPREAD - CLEAN,DISINFECT,COVER

Placing the dead: (Record no. 127334)

MARC details
000 -LEADER
fixed length control field 01025cam a2200289 4500
001 - CONTROL NUMBER
control field 765519
003 - CONTROL NUMBER IDENTIFIER
control field ARRUPE
005 - DATE AND TIME OF LATEST TRANSACTION
control field 20180110154241.0
008 - FIXED-LENGTH DATA ELEMENTS--GENERAL INFORMATION
fixed length control field 711109s1971 enkabf b 001 0 eng
010 ## - LIBRARY OF CONGRESS CONTROL NUMBER
LC control number 70162375
015 ## - NATIONAL BIBLIOGRAPHY NUMBER
National bibliography number B71-20838
020 ## - INTERNATIONAL STANDARD BOOK NUMBER
International Standard Book Number 0128091509
040 ## - CATALOGING SOURCE
Original cataloging agency DLC
Transcribing agency DLC
Modifying agency DLC
043 ## - GEOGRAPHIC AREA CODE
Geographic area code f-mg---
050 00 - LIBRARY OF CONGRESS CALL NUMBER
Classification number DT469.M264
Item number B56 1971
082 00 - DEWEY DECIMAL CLASSIFICATION NUMBER
Classification number 301.29/69/1
300 ## - PHYSICAL DESCRIPTION
Dimensions 24 cm.
100 1# - MAIN ENTRY--PERSONAL NAME
Personal name Bloch, Maurice.
9 (RLIN) 30376
245 10 - TITLE STATEMENT
Title Placing the dead:
Remainder of title tombs, ancestral villages and kinship organization in Madagascar.
Statement of responsibility, etc Maurice Bloch
260 ## - PUBLICATION, DISTRIBUTION, ETC. (IMPRINT)
Place of publication, distribution, etc London
Name of publisher, distributor, etc Seminar Press Ltd.,
Date of publication, distribution, etc 1971.
300 ## - PHYSICAL DESCRIPTION
Extent xi, 241 p.
350 ## - PRICE (NR) (BK AM CF MU VM SE) [OBSOLETE]
Price £3.50
490 0# - SERIES STATEMENT
Series statement Seminar studies in anthropology, 1
500 ## - GENERAL NOTE
General note Originally presented as the author's thesis, Cambridge University.
504 ## - BIBLIOGRAPHY, ETC. NOTE
Bibliography, etc Bibliography: p. 227-231.
650 #0 - SUBJECT ADDED ENTRY--TOPICAL TERM
Topical term or geographic name as entry element Hovas
9 (RLIN) 38351
906 ## - LOCAL DATA ELEMENT F, LDF (RLIN)
a 7
b cbc
c orignew
d 3
e ncip
f 19
g y-gencatlg
942 ## - ADDED ENTRY ELEMENTS (KOHA)
Source of classification or shelving scheme Library of Congress Classification
Koha item type Monograph ( Printed materials)
Holdings
Withdrawn status Lost status Source of classification or shelving scheme Damaged status Not for loan Collection code Home library Current library Shelving location Date acquired Total Checkouts Full call number Barcode Date last seen Price effective from Koha item type
    Library of Congress Classification     Main Collection ARRUPE LIBRARY ARRUPE LIBRARY Main Collection 10/01/2018   DT469.M264 B56 1971 46600001146 10/01/2018 10/01/2018 Monograph ( Printed materials)

 

Arrupe Library. PO Box MP320 Mt Pleasant, Harare, Zimbabwe
263 242 745411|librarian@aju.ac.zw